<?xml version="1.0" encoding="UTF-8"?>
<record
    xmlns:xsi="http://www.w3.org/2001/XMLSchema-instance"
    xsi:schemaLocation="http://www.loc.gov/MARC21/slim http://www.loc.gov/standards/marcxml/schema/MARC21slim.xsd"
    xmlns="http://www.loc.gov/MARC21/slim">

  <leader>00691cas a2200217 a 4500</leader>
  <datafield tag="022" ind1=" " ind2=" ">
    <subfield code="a">0746-9179</subfield>
  </datafield>
  <datafield tag="040" ind1=" " ind2=" ">
    <subfield code="c">COP</subfield>
  </datafield>
  <datafield tag="082" ind1="0" ind2=" ">
    <subfield code="a">607 RBD 2002 C151 Or.</subfield>
  </datafield>
  <datafield tag="245" ind1="1" ind2="0">
    <subfield code="a">R &amp; D</subfield>
    <subfield code="b">reading for the R &amp; D community.</subfield>
  </datafield>
  <datafield tag="246" ind1="3" ind2=" ">
    <subfield code="a">R and D</subfield>
  </datafield>
  <datafield tag="246" ind1="3" ind2=" ">
    <subfield code="a">Research and development</subfield>
  </datafield>
  <datafield tag="246" ind1="1" ind2="7">
    <subfield code="a">R &amp; D magazine</subfield>
  </datafield>
  <datafield tag="260" ind1=" " ind2=" ">
    <subfield code="a">Highlands Ranch, CO :</subfield>
    <subfield code="b">Reed Business Information,</subfield>
    <subfield code="c">&#xA9;2002-</subfield>
  </datafield>
  <datafield tag="260" ind1="3" ind2=" ">
    <subfield code="a">Rockaway, NJ :</subfield>
    <subfield code="b">Advantage Business Media</subfield>
  </datafield>
  <datafield tag="500" ind1=" " ind2=" ">
    <subfield code="a">Title from cover.</subfield>
  </datafield>
  <datafield tag="500" ind1=" " ind2=" ">
    <subfield code="a">Subtitle varies.</subfield>
  </datafield>
  <datafield tag="650" ind1=" " ind2="0">
    <subfield code="a">Research, Industrial</subfield>
  </datafield>
  <datafield tag="710" ind1="2" ind2=" ">
    <subfield code="a">Thomson Gale (Firm)</subfield>
  </datafield>
  <datafield tag="856" ind1="4" ind2="0">
    <subfield code="u">http://MY2VS8LV9P.search.serialssolutions.com/?V=1.0&amp;L=MY2VS8LV9P&amp;S=JCs&amp;C=RDHIGRAC&amp;T=marc</subfield>
  </datafield>
  <datafield tag="942" ind1=" " ind2=" ">
    <subfield code="c">AEDBB</subfield>
  </datafield>
  <datafield tag="999" ind1=" " ind2=" ">
    <subfield code="c">18709</subfield>
    <subfield code="d">18709</subfield>
  </datafield>
  <datafield tag="952" ind1=" " ind2=" ">
    <subfield code="0">0</subfield>
    <subfield code="1">0</subfield>
    <subfield code="4">0</subfield>
    <subfield code="6">607_000000000000000_RBD_2002_C151_OR</subfield>
    <subfield code="7">0</subfield>
    <subfield code="9">83135</subfield>
    <subfield code="a">LBC</subfield>
    <subfield code="b">LBC</subfield>
    <subfield code="c">C151</subfield>
    <subfield code="d">2020-01-14</subfield>
    <subfield code="e">A38535</subfield>
    <subfield code="o">607 RBD 2002 C151 Or.</subfield>
    <subfield code="r">2020-01-14</subfield>
    <subfield code="w">2020-01-14</subfield>
    <subfield code="y">EK</subfield>
  </datafield>
</record>
